| 000 | 00675nam a22001937a 4500 | ||
|---|---|---|---|
| 999 |
_c190165 _d190165 |
||
| 005 | 20220719131707.0 | ||
| 010 | _aENG-133706 | ||
| 020 |
_c995.00 _a9789386473509 |
||
| 035 | _aEN-117238 | ||
| 037 | _bDBAD/PUB | ||
| 082 | _a362.8292 | ||
| 100 | _aPanchal, Trupti Jhaveri | ||
| 245 |
_aMulti agency response to violence against women/ _cTrupti Jhaveri Panchal and Vinita ajgaonkar |
||
| 260 |
_aNew Delhi _bVitasta publishing pvt ltd _c2019 |
||
| 270 |
_a2/15 ansari road, Daryaganj _bNew Delhi _e110002 _minfo@vitastapublishing.com |
||
| 300 |
_axxvii,235p. _c22cm(hbk) _bBibliography |
||
| 700 | _aAjgaonkar, Vinita | ||
| 942 |
_2ddc _cEN _h362.8292 _mPAN |
||